• 首页
  • 本馆介绍
  • 公告通知
  • 最新文献
  • 馆藏检索
  • 电子资源
  • 读者导购
  • 参考咨询
  • 我的图书馆
  • 登录
  • 详细信息显示
  • 放入我的书架
  • 预约/预借图书
  • 作者相关作品
  • 分类相关作品
  • 丛书相关作品
  • 出版社相关作品

书目信息

  • 表格格式
  • 工作单格式
  • 卡片格式
题名:
美国雕塑百图
    
 
作者: 卢业强 , 崔开宏 译
分册:  
出版信息: 北京   人民美术出版社  1983
页数: 100页
开本: 19cm
丛书名:
单 册:
中图分类: J331(712) , J331
科图分类:
主题词: 雕塑--美国--图集 , 雕塑--世界 , 雕塑--各国
电子资源:
ISBN:
000 00751nam0 2200289 45
001 0183003982
005 20040521090513.0
010    @dCNY1.75
091    @a8027.8582
100    @a19950721d1983 emky0chiy0121 ea
101 1  @achi@ceng
102    @aCN@b110000
105    @af z 000yy
106    @ar
200 10 @a美国雕塑百图@Amei guo diao su bai tu@f卢业强,崔开宏译
210    @a北京@c人民美术出版社@d1983
215    @a100页@d19cm
606    @a雕塑@y美国@x图集
606 0  @a雕塑@x世界
606 0  @a雕塑@y各国
690    @aJ331(712)@v3
690    @aJ331
701  0 @a卢业强@Alu ye qiang@4译
701  0 @a崔开宏@Acui kai hong@4译
801  0 @aCN@b上海图书馆@c20040521
801  2 @aCN@bNLC@c20040521
905    @f1@b105704@dJ331@e2
    
    美国雕塑百图/卢业强,崔开宏译.-北京:人民美术出版社,1983
    100页;19cm
    
    
    ISBN :CNY1.75
    
●
相关链接 在E读中查询图书 在五车中查询图书 在当当中查询图书 在豆瓣中查询图书


正题名:美国雕塑百图     索取号:J331/2         预约/预借

序号 登录号 条形码 馆藏地/架位号 状态 备注
1 0105704   001210754   第一借阅区/ [索取号:J331/2] 在馆    
唐山师范学院图书馆 欢迎您!
大连网信软件有限公司© 版权所有